000 00336nam a2200133Ia 4500
008 220204s9999 xx 000 0 und d
082 _a338.26
_bGAD;1
100 _aGADGIL, D R
245 0 _aPlanning and economic policy in India
250 _aEd.2
260 _aPoona
_bGokhale Inst
_c1961
650 _aEconomic planning
942 _cBK
999 _c20027
_d20027